The wolf who wanted to travel the world / text by Orianne Lalleland ; illustrations by Eleonore Thuillier ; [English version editor, Rebecca Frazer ; translation from French Susan Allen Maurin].
Record details
- ISBN: 9782733823149 (paperback)
- ISBN: 2733823140 (paperback)
- Physical Description: [30] pages : color illustrations, maps ; 22 cm.
- Publisher: Paris, France : Auzou Publishing, 2013
Content descriptions
| General Note: | "Theme: Discovering the world"--P. [4] of cover. |
| Language Note: | Translated from the French. |
Search for related items by subject
| Subject: | Voyages around the world > Juvenile fiction. Gray wolf > Juvenile fiction. Animals > Juvenile fiction. |
Search for related items by series
Available copies
- 1 of 1 copy available at scottsboropl.
Holds
- 0 current holds with 1 total copy.
Show Only Available Copies
| Location | Call Number / Copy Notes | Barcode | Shelving Location | Status | Due Date |
|---|---|---|---|---|---|
| scottsboropl | E Lal | 32269000955073 | Juvenile - Easy | Available | - |
| LDR | 01305nam a2200325Ia 4500 | ||
|---|---|---|---|
| 001 | 138597 | ||
| 003 | CONS | ||
| 005 | 20150318071006.0 | ||
| 008 | 121130s2013 fr ab j 000 1 eng d | ||
| 020 | . | ‡a9782733823149 (paperback) | |
| 020 | . | ‡a2733823140 (paperback) | |
| 035 | . | ‡a(CPomAG)LMN587548 | |
| 041 | 1 | . | ‡aeng ‡hfre |
| 100 | 1 | . | ‡aLallemand, Orianne. |
| 245 | 1 | 4. | ‡aThe wolf who wanted to travel the world / ‡ctext by Orianne Lalleland ; illustrations by Eleonore Thuillier ; [English version editor, Rebecca Frazer ; translation from French Susan Allen Maurin]. |
| 246 | 3 | 0. | ‡aWolf |
| 260 | . | ‡aParis, France : ‡bAuzou Publishing, ‡c2013 | |
| 300 | . | ‡a[30] pages : ‡bcolor illustrations, maps ; ‡c22 cm. | |
| 490 | 0 | . | ‡aMy little picture books |
| 500 | . | ‡a"Theme: Discovering the world"--P. [4] of cover. | |
| 546 | . | ‡aTranslated from the French. | |
| 650 | 0. | ‡aVoyages around the world ‡vJuvenile fiction. | |
| 650 | 0. | ‡aGray wolf ‡vJuvenile fiction. | |
| 650 | 0. | ‡aAnimals ‡vJuvenile fiction. | |
| 700 | 1 | . | ‡aThuillier, Éléonore, ‡d1979- |
| 700 | 1 | . | ‡aFrazer, Rebecca. |
| 700 | 1 | . | ‡aMaurin, Susan Allen. |
| 740 | 1 | 0. | ‡aLoup qui voulait faire le tour du monde. ‡lEnglish |
| 959 | . | ‡i32269000955073 ‡lE Lal ‡aJuvenile - Easy ‡tEasy ‡g13.00 | |
| 852 | . | ‡p32269000955073 ‡jE Lal ‡gJuvenile - Easy ‡cEasy ‡y13.00 ‡bSBPL | |
| 901 | . | ‡a138597 ‡bUnknown ‡c138597 ‡tbiblio | |